000 00712cam a2200205 4500500
005 20260329003137.0
041 _afre
042 _adc
100 1 0 _aLequin, Mathilde
_eauthor
245 0 0 _aLa nouvelle société coût marginal zéro. L’internet des objets, l’émergence des communaux collaboratifs et l’éclipse du capitalisme
260 _c2014.
500 _a52
690 _aCapitalisme
690 _aInternet
690 _aJeremy Rifkin
690 _aPartage
690 _aPhilippe Nassif
786 0 _nPhilosophie magazine | 84 | 11 | 2014-11-01 | p. 77-79 | 1951-1787
856 4 1 _uhttps://shs.cairn.info/magazine-philosophie-magazine-2014-11-page-77?lang=fr&redirect-ssocas=7080
999 _c1821801
_d1821801